[Event "Asia zt 3.2"]
[Site "Dhaka"]
[Date "2023.05.04"]
[Round "3"]
[White "Tashriq Saihan, Shan"]
[Black "Md, Azmaeen Parvez Sayo"]
[Result "1-0"]
[WhiteElo "1617"]
[BlackElo "2011"]
[PlyCount "57"]
[EventDate "2023.05.02"]
[EventType "swiss"]
[EventRounds "9"]
[EventCountry "BAN"]
[SourceTitle "CBM 214 Extra"]
[Source "ChessBase"]
[SourceDate "2023.07.31"]
[SourceVersion "1"]
[SourceVersionDate "2023.07.31"]
[SourceQuality "1"]

1. Nf3 d5 2. c4 d4 3. e3 c5 4. b4 dxe3 5. fxe3 cxb4 6. d4 Nf6 7. Bd3 Bg4 8. 0-0 e6 9. Nbd2 Nc6 10. Bb2 Bd6 11. Qc2 Qe7 12. e4 Nd7 13. e5 Bc7 14. Rae1 Nb6 15. Ne4 Nd7 16. c5 Bxf3 17. Rxf3 Rc8 18. Nd6+ Bxd6 19. exd6 Qg5 20. Rf5 Qh6 21. d5 Nd8 22. dxe6 Nxe6 23. Bb5 Rd8 24. Bc1 Qg6 25. Bd3 Kf8 26. Rf2 Qh5 27. Rxe6 Qxc5 28. Re7 f6 29. Rxd7 1-0

[Event "Dhaka Chowdhury Memorial op-B 2nd"]
[Site "Dhaka"]
[Date "2022.07.02"]
[Round "1"]
[White "Md, Azmaeen Parvez Sayo"]
[Black "Mehedi, Hasan"]
[Result "1-0"]
[WhiteElo "1924"]
[BlackElo "1620"]
[PlyCount "79"]
[EventDate "2022.07.02"]
[EventType "swiss"]
[EventRounds "9"]
[EventCountry "BAN"]
[SourceTitle "EXT 2023"]
[Source "ChessBase"]
[SourceDate "2022.10.05"]
[SourceVersion "1"]
[SourceVersionDate "2022.10.05"]
[SourceQuality "1"]

1. e4 c6 2. Nc3 d5 3. Nf3 dxe4 4. Nxe4 Bf5 5. Ng3 Bg6 6. h4 h6 7. Ne5 Qd6 8. d4 Nd7 9. Nxg6 Qxg6 10. Bd3 Qe6+ 11. Be3 Ngf6 12. c4 Qg4 13. Qb3 e6 14. Be2 Qg6 15. h5 Qh7 16. 0-0-0 Bd6 17. Bd3 Qg8 18. Qxb7 Ke7 19. Rde1 Qc8 20. Qxc8 Rhxc8 21. Ne4 Nxe4 22. Bxe4 Bb4 23. Re2 Nf6 24. Bf3 Rab8 25. a3 Bd6 26. c5 Bc7 27. Bxc6 Kf8 28. Bf3 e5 29. dxe5 Bxe5 30. Rd1 Rb5 31. Rc2 a5 32. c6 Bc7 33. g3 Nxh5 34. Bc5+ Rxc5 35. Rxc5 Nf6 36. Bg2 Bb6 37. Rc2 Ng4 38. Bh3 f5 39. Bxg4 fxg4 40. Rd7 1-0

[Event "BAN-ch U20"]
[Site "Dhaka"]
[Date "2022.02.21"]
[Round "7"]
[White "Mortuza Mahathir, Islam"]
[Black "Md, Azmaeen Parvez Sayo"]
[Result "1/2-1/2"]
[WhiteElo "1877"]
[BlackElo "1920"]
[PlyCount "105"]
[EventDate "2022.02.15"]
[EventType "swiss"]
[EventRounds "9"]
[EventCountry "BAN"]
[SourceTitle "CBM 207 Extra"]
[Source "ChessBase"]
[SourceDate "2022.05.31"]
[SourceVersion "1"]
[SourceVersionDate "2022.05.31"]
[SourceQuality "1"]

1. d4 Nf6 2. Bg5 e6 3. e4 h6 4. Bxf6 Qxf6 5. Nf3 d6 6. Nc3 a6 7. a4 Nd7 8. Bc4 Qd8 9. Qe2 c5 10. a5 Be7 11. 0-0 0-0 12. Rfd1 Qc7 13. h3 Nb8 14. e5 cxd4 15. exd6 Bxd6 16. Nxd4 Bb4 17. Ne4 e5 18. Nb3 Bf5 19. c3 Be7 20. Nbd2 Nd7 21. b4 Kh8 22. Rac1 Bg6 23. Ng3 Bg5 24. Nge4 Be7 25. Ng3 f5 26. Be6 Rad8 27. Nc4 e4 28. Rxd7 Rxd7 29. Bxd7 Qxd7 30. Ne5 Qe6 31. Nxg6+ Qxg6 32. Qc4 Bh4 33. Qc5 Rf7 34. Qe5 Kh7 35. Ne2 Re7 36. Qd5 Bg5 37. Rd1 f4 38. h4 Bxh4 39. Nxf4 Qg4 40. Qd6 Rf7 41. g3 Rxf4 42. Qxf4 Qxd1+ 43. Kh2 Bf6 44. Qxe4+ Kg8 45. Qe8+ Kh7 46. Qe4+ Kh8 47. Qe8+ Kh7 48. Qe4+ Kg8 49. Qe8+ Kh7 50. Qe4+ Kg8 51. Qe8+ Kh7 52. Qe4+ Kh8 53. Qe8+ 1/2-1/2

[Event "BAN-ch U20"]
[Site "Dhaka"]
[Date "2022.02.17"]
[Round "3"]
[White "Md, Azmaeen Parvez Sayo"]
[Black "Amartya, Barua"]
[Result "1/2-1/2"]
[WhiteElo "1920"]
[BlackElo "1114"]
[PlyCount "128"]
[EventDate "2022.02.15"]
[EventType "swiss"]
[EventRounds "9"]
[EventCountry "BAN"]
[SourceTitle "CBM 207 Extra"]
[Source "ChessBase"]
[SourceDate "2022.05.31"]
[SourceVersion "1"]
[SourceVersionDate "2022.05.31"]
[SourceQuality "1"]

1. e4 c6 2. Nc3 d5 3. Nf3 Bg4 4. h3 Bxf3 5. Qxf3 e6 6. d3 Nf6 7. Bd2 Nbd7 8. g4 h6 9. Qg3 Nb6 10. e5 Nfd7 11. f4 Be7 12. h4 Qc7 13. Bg2 a6 14. a4 a5 15. g5 hxg5 16. hxg5 0-0-0 17. Ne2 Na8 18. Qf2 Bc5 19. d4 Be7 20. f5 Rxh1+ 21. Bxh1 Rh8 22. Bg2 Qb6 23. b3 exf5 24. Qxf5 Rf8 25. Bh3 Qd8 26. c4 Nc7 27. Bxa5 Bxg5 28. cxd5 Bh4+ 29. Kd1 Nxd5 30. Bxd8 Ne3+ 31. Kd2 Nxf5 32. Ba5 Bg5+ 33. Kd3 Ne3 34. Bd2 Rh8 35. Rh1 Ng4 36. Be1 Kd8 37. Ng3 Nh6 38. Ne4 Be7 39. Rg1 g6 40. e6 fxe6 41. Bxe6 Nf8 42. Ba5+ Ke8 43. Bc8 b5 44. axb5 cxb5 45. Re1 Nf5 46. Bxf5 gxf5 47. Nd6+ Kd7 48. Nxf5 Rh3+ 49. Re3 Rxe3+ 50. Kxe3 Bg5+ 51. Ke4 Ne6 52. Bb4 Bf6 53. Ba5 Ng5+ 54. Kd5 Ne6 55. Bd2 Bd8 56. Ng3 Bb6 57. Be3 Nc7+ 58. Ke5 Na6 59. Ne4 Nb4 60. Nc3 Nc2 61. Nd5 Ba7 62. Bf2 Na1 63. Nc3 Nxb3 64. Nxb5 Bxd4+ 1/2-1/2

[Event "BAN-ch U20"]
[Site "Dhaka"]
[Date "2022.02.16"]
[Round "2"]
[White "Shahriar Al, Mahmood"]
[Black "Md, Azmaeen Parvez Sayo"]
[Result "0-1"]
[WhiteElo "1301"]
[BlackElo "1920"]
[PlyCount "42"]
[EventDate "2022.02.15"]
[EventType "swiss"]
[EventRounds "9"]
[EventCountry "BAN"]
[SourceTitle "CBM 207 Extra"]
[Source "ChessBase"]
[SourceDate "2022.05.31"]
[SourceVersion "1"]
[SourceVersionDate "2022.05.31"]
[SourceQuality "1"]

1. e4 c5 2. Nf3 g6 3. d4 cxd4 4. Nxd4 Nc6 5. Nc3 Bg7 6. Nf3 Nf6 7. Bc4 0-0 8. h3 d6 9. 0-0 Bd7 10. Bf4 Rc8 11. Bb3 Na5 12. e5 dxe5 13. Nxe5 Nxb3 14. Nxd7 Nxa1 15. Nxf8 Qxd1 16. Rxd1 Nxc2 17. Nxg6 hxg6 18. g4 Nb4 19. a3 Nc6 20. Nb5 a6 21. Nc7 e5 0-1

[Event "Dhaka Al Mahmud Memorial"]
[Site "Dhaka"]
[Date "2022.02.11"]
[Round "7"]
[White "Md, Azmaeen Parvez Sayo"]
[Black "Mohammad, Javed"]
[Result "1/2-1/2"]
[WhiteElo "1920"]
[BlackElo "2046"]
[PlyCount "90"]
[EventDate "2022.02.05"]
[EventType "swiss"]
[EventRounds "9"]
[EventCountry "BAN"]
[SourceTitle "CBM 206 Extra"]
[Source "ChessBase"]
[SourceDate "2022.03.31"]
[SourceVersion "1"]
[SourceVersionDate "2022.03.31"]
[SourceQuality "1"]

1. e4 c5 2. Nf3 d6 3. d4 cxd4 4. Nxd4 Nf6 5. Nc3 Nc6 6. Bg5 e6 7. Qd2 a6 8. f3 Bd7 9. 0-0-0 h6 10. Be3 Be7 11. g4 Qc7 12. h4 Nxd4 13. Bxd4 b5 14. Bh3 b4 15. Ne2 e5 16. Be3 Rc8 17. Kb1 Bb5 18. g5 Nd7 19. Ng3 g6 20. h5 hxg5 21. hxg6 fxg6 22. Rc1 Qd8 23. Bg4 Rh4 24. Ne2 Bc4 25. Bf2 Rxh1 26. Rxh1 Rb8 27. b3 Bf7 28. Rh8+ Nf8 29. c4 a5 30. Ng3 a4 31. Nf1 axb3 32. axb3 Bf6 33. Rh1 Ne6 34. Bxe6 Bxe6 35. Ne3 Kf7 36. Nd5 Kg7 37. Be3 Bxd5 38. Qxd5 Qf8 39. Qd2 Be7 40. Qg2 Qf6 41. Qh3 Rg8 42. Qh7+ Kf8 43. Qh3 Kg7 44. Qh7+ Kf8 45. Qh3 Kg7 1/2-1/2

[Event "BAN-chT2 Borsho 2nd"]
[Site "Bangladesh"]
[Date "2021.01.25"]
[Round "6.4"]
[White "Md, Azmaeen Parvez Sayo"]
[Black "Rana Pratap, Singha"]
[Result "0-1"]
[WhiteElo "1230"]
[BlackElo "1894"]
[PlyCount "86"]
[EventDate "2021.01.20"]
[EventType "team-tourn"]
[EventRounds "9"]
[EventCountry "BAN"]
[SourceTitle "CBM 200 Extra"]
[Source "ChessBase"]
[SourceDate "2021.03.31"]
[SourceVersion "1"]
[SourceVersionDate "2021.03.31"]
[SourceQuality "1"]
[WhiteTeam "Elegant Int CA Cha"]
[BlackTeam "Latif Travels CC"]
[WhiteTeamCountry "BAN"]
[BlackTeamCountry "BAN"]

1. e4 d6 2. d4 Nf6 3. Nc3 g6 4. Nf3 a6 5. a4 b6 6. Be3 Bb7 7. e5 Ng4 8. Bf4 Bg7 9. e6 f6 10. h3 Nh6 11. Qd2 Ng8 12. d5 c6 13. Be3 a5 14. dxc6 Nxc6 15. Nd5 Qc8 16. Bxb6 Qxe6+ 17. Be3 Rc8 18. Bc4 Qe4 19. Bd3 Qe6 20. Bc4 Qe4 21. Bd3 Qe6 22. Bc4 Qd7 23. Nb6 Qf5 24. Nxc8 Qxc8 25. Bb5 Kf8 26. c3 f5 27. 0-0 Nf6 28. Bh6 Ne4 29. Bxg7+ Kxg7 30. Qe2 Nd8 31. Nd2 Nf7 32. Nxe4 fxe4 33. f3 exf3 34. Qxe7 Rf8 35. Rae1 fxg2 36. Qf6+ Kg8 37. Rf4 Qxh3 38. Kf2 g5 39. Rf5 Be4 40. Bc4 Bxf5 41. Qxf5 Qh4+ 42. Ke3 Qxc4 43. Rg1 Qc5+ 0-1

[Event "BAN-ch U20"]
[Site "Dhaka"]
[Date "2019.05.18"]
[Round "4"]
[White "Mahfuzur, Rahman Saif"]
[Black "Md, Azmaeen Parvez Sayo"]
[Result "1/2-1/2"]
[WhiteElo "1461"]
[BlackElo "1071"]
[PlyCount "44"]
[EventDate "2019.05.15"]
[EventType "swiss"]
[EventRounds "8"]
[EventCountry "BAN"]
[SourceTitle "EXT 2020"]
[Source "ChessBase"]
[SourceDate "2019.10.17"]
[SourceVersion "1"]
[SourceVersionDate "2019.10.17"]
[SourceQuality "1"]

1. d4 Nf6 2. c4 e6 3. Nc3 Bb4 4. Qc2 b6 5. f3 d5 6. a3 Be7 7. Bf4 a6 8. cxd5 exd5 9. e3 Bb7 10. Bd3 c5 11. dxc5 bxc5 12. b3 Nbd7 13. Na4 Qa5+ 14. Nc3 d4 15. b4 cxb4 16. Ne4 b3+ 17. Qd2 Qxd2+ 18. Nxd2 Nc5 19. Bc4 dxe3 20. Bxe3 Rc8 21. Nxb3 Nxb3 22. Bxb3 0-0 1/2-1/2

[Event "BAN-ch U20"]
[Site "Dhaka"]
[Date "2019.05.15"]
[Round "1"]
[White "Md, Azmaeen Parvez Sayo"]
[Black "Mohammad Fahad, Rahman"]
[Result "0-1"]
[WhiteElo "1071"]
[BlackElo "2322"]
[PlyCount "64"]
[EventDate "2019.05.15"]
[EventType "swiss"]
[EventRounds "8"]
[EventCountry "BAN"]
[SourceTitle "EXT 2020"]
[Source "ChessBase"]
[SourceDate "2019.10.17"]
[SourceVersion "1"]
[SourceVersionDate "2019.10.17"]
[SourceQuality "1"]

1. Nf3 c5 2. c4 Nc6 3. Nc3 g6 4. d3 Bg7 5. Bd2 e6 6. e4 Nge7 7. Rc1 0-0 8. g3 d5 9. Bg2 Nb4 10. Bf1 dxe4 11. dxe4 b6 12. Qe2 Ba6 13. a3 Nbc6 14. Rd1 Qc8 15. Be3 Rd8 16. Nd2 Ne5 17. Bg2 Nd3+ 18. Kf1 Nxb2 19. Rc1 Rxd2 20. Qxd2 Nxc4 21. Qe1 Nxe3+ 22. Kg1 Nxg2 23. Kxg2 Qc6 24. f3 Rd8 25. Rd1 Rxd1 26. Qxd1 Bxc3 27. Qd8+ Kg7 28. Qxe7 Qb5 29. Qxa7 Qe2+ 30. Kh3 Qxf3 31. Qxa6 Qxh1 32. Qxb6 Qf1+ 0-1